Kenali Tun Abdul Razak : memangkin pemodenan mengukuh pendidikan

Bibliographic Details
Main Author: Maruwiah Ahmat
Format: Book
Published: Selangor : Eagle Publications Sdn Bhd , 2010
Subjects:

MARC

LEADER 00000cam a2200000 7i4500
001 0000041606
005 20160314.0
008 140804
020 |a 9833537839 
090 0 0 |a JF   |b BIO MAL 
100 0 |a Maruwiah Ahmat 
245 1 0 |a Kenali Tun Abdul Razak :   |b memangkin pemodenan mengukuh pendidikan   |c Maruwiah Ahmat 
260 |a Selangor :   |b Eagle Publications Sdn Bhd ,   |c 2010 
500 |a Children ages 7-9 years old (orange) 
650 0 |a BIography   |x Men 
650 0 |a Tun Abdul Razak 
999 |a 0001278858   |b Book   |c Children Collection   |e Cawangan Tmn. Ungku Tun Aminah 
999 |a 0001278860   |b Book   |c Children Collection   |e Cawangan Segamat 
999 |a 0001278861   |b Book   |c Children Collection   |e Cawangan AEON Kulaijaya 
999 |a 0001278869   |b Book   |c Children Collection   |e Cawangan Mersing